| 000 | 00574nam a2200205 a 4500 | ||
|---|---|---|---|
| 001 | 23686 | ||
| 003 | CO-ViMGA | ||
| 008 | 141112s2004 ck r 000 u spa d | ||
| 020 | _a9789583018039 | ||
| 040 |
_aCO-ViMGA _bspa _cCO-ViMGA |
||
| 082 | 0 | 4 | _aSIEt |
| 100 | 1 |
_aSierra I Fabra, Jordi.1947 - _934245 |
|
| 245 | 1 | 0 |
_aLos tres deseos/ _cJordi Sierra I Fabra |
| 260 |
_aColombia : _bpanAméricana |
||
| 300 | _a48p. | ||
| 490 | _aSueños de papel | ||
| 650 | 1 | 4 |
_a2 : MAGIA - CUENTOS INFANTILES _934246 |
| 650 | 1 | 4 |
_aCUENTOS INFANTILES ESPAÑOLES _9725 |
| 942 |
_2ddc _cBK |
||
| 999 |
_c31790 _d31790 |
||